Runa Siminchis I : (Record no. 23390)

000 -CABECERA
fixed length control field 00674nam a22002057i 4500
003 - IDENTIFICADOR DEL NÚMERO DE CONTROL
control field AR-CdUCM
008 - DATOS DE LONGITUD FIJA--INFORMACIÓN GENERAL
fixed length control field 250903b20192019 pe||||| |||| 00| 0 spa d
040 ## - FUENTE DE LA CATALOGACIÓN
Agencia/entidad que catalogó originalmente la obra MUNICIPALIDAD PROVINCIAL DEL CUSCO
Entidad que transcribió la catalogación BIBLIOTECA MUNICIPAL DEL CUSCO
082 ## - NÚMERO DE LA CLASIFICACIÓN DECIMAL DEWEY
No. de Clasificación 498.511 /
Notacion interna L61 / I
100 ## - ENTRADA PRINCIPAL--NOMBRE DE PERSONA
Nombre Personal Laguna Mayhua, Jackeline
245 ## - MENCIÓN DE TÍTULO
Título Runa Siminchis I :
Resto del título Lengua Quechua /
260 ## - PUBLICACIÓN, DISTRIBUCIÓN, ETC.
Lugar de publicación, distribución, etc. Cusco :
Nombre de la editorial, distribuidor, etc. Autora-Editora
Fecha de publicación, distribución, etc. 2019
300 ## - DESCRIPCIÓN FÍSICA
Nº de Páginas Extensión 125 páginas. :
Dimensiones 21x15 cm.
500 ## - NOTA GENERAL
Bibliografía Página: 125
505 ## - NOTA DE CONTENIDO CON FORMATO
Nota de contenido formateada Ñaupaq t'aqa Yachay -- Iskay T'aqa Yachay -- Kinsa t'aqay -- Tawa T'aqay
650 ## - PUNTO DE ACCESO ADICIONAL DE MATERIA--TÉRMINO DE MATERIA
Descriptor Runa Siminchis
9 (RLIN) 51493
942 ## - ELEMENTOS DE PUNTO DE ACCESO ADICIONAL (KOHA)
Fuente de clasificación
Tipo de item Libros-BMC
945 ## - PROCESAMIENTO DE INFORMACIÓN LOCAL (OCLC)
Catalogador pbjr
AAAA-MM-DD - Fecha de ingreso o modificacion 3-09-2025
Holdings
Estado de retiro (separado) Fuente de clasificación o esquema de estanterías Estado dañado Ubicación Sala donde se ubica Nombre de la colección Fecha de adquisición o compra Fuente de adquisición Costo, precio normal en soles Signatura topográfica Código de Barras Última vez visto (Koha) Tipo de ítem (Koha)
No     Sala Humanidades Sala Humanidades Book Cart 2025-09-03 Depósito legal 10.00 498.511 / L61 / I SH0000017002 2025-09-03 Libros-BMC

Powered by Koha